| 000 | 00987nam a2200253 a 4500 | ||
|---|---|---|---|
| 001 | 000032156 | ||
| 005 | 20250924073803.0 | ||
| 008 | 110713s1984 dr c r 001 | spa d | ||
| 040 |
_aDO-SdBNP _bspa _cBNPHU |
||
| 082 |
_a792.097293 _bM722h |
||
| 100 | 1 |
_aMolinaza, José, _d1951- _925474 |
|
| 245 | 1 | 0 |
_aHistoria crítica del teatro dominicano / _cJosé Molinaza. |
| 260 |
_aSanto Domingo : _bUniversitaria- UASD, _c1984. |
||
| 300 |
_a2 v. : _bretrs. ; _c21 cm. |
||
| 490 | 1 |
_aPublicaciones de la Universidad Autónoma de Santo Domingo _v332-340 |
|
| 490 | 1 |
_aArte y sociedad _v12-14 |
|
| 505 | 0 |
_gv. 1-- _t1492-1844. -- _gv. 2-- _t1844-1930. |
|
| 590 | _aInventariado, 2018/BT | ||
| 650 | 4 |
_aTeatro dominicano _xHistoria y crítica _958258 |
|
| 650 | 4 |
_aLiteratura dominicana _xHistoria y crítica _9159 |
|
| 830 |
_aPublicaciones de la Universidad Autónoma de Santo Domingo _v332-340 _952 |
||
| 830 | 0 |
_aArte y sociedad _v12-14 _924375 |
|
| 910 | _aValidado. Control de calidad. MMOLINA | ||
| 999 |
_c31647 _d31647 |
||